Príjmy zo závislej činnosti v nepeňažnej forme (z daňového hľadiska)

Daňové posudzovanie nepeňažných príjmov. Problémy oceňovania nepeňažných príjmov zo závislej činnosti.

Gespeichert in:
Bibliographische Detailangaben
1. Verfasser: Piršelová, Dagmar
Format: Buchkapitel
Sprache:Slowakisch
Schlagworte:
Tags: Tag hinzufügen
Keine Tags, Fügen Sie das erste Tag hinzu!

MARC

LEADER 00000naa a2200000 4500
001 r031728
005 20230424115531.1
041 0 |a slo 
044 |a SK 
245 1 0 |a Príjmy zo závislej činnosti v nepeňažnej forme  |b (z daňového hľadiska)  |c Dagmar Piršelová 
520 |a Daňové posudzovanie nepeňažných príjmov. Problémy oceňovania nepeňažných príjmov zo závislej činnosti. 
610 2 0 |a príjmy 
610 2 0 |a oceňovanie 
610 2 0 |a zdaňovanie 
610 2 0 |a príjmy mimoriadne 
610 2 0 |a dane z príjmov 
100 1 |a Piršelová, Dagmar